С. Н. Бузинов. Ученый, педагог и практик газового дела: сборник трудов

Bibliographische Detailangaben
Weitere Verfasser: Михайловский А. А. (составитель), Джафаров К. И., Чугунов А. В., Бузинова О. В., Шулепин С. А.
Zusammenfassung:Настоящая книга создана в память о Станиславе Николаевиче Бузинове, с именем которого связано становление научной школы в области подземного хранения газа. Перечислены основные научно-технические направления, у истоков зарождения которых стоял профессор С.Н. Бузинов и без которых уже невозможно себе представить современную газовую науку. Приведен перечень его наиболее значимых научных трудов. В настоящий сборник трудов вошли основополагающие работы Станислава Николаевича в различных областях газовой науки. В оформлении материалов, а также библиографии сохранена пунктуация издательского источника.
Sprache:Russisch
Veröffentlicht: Москва, Газпром ВНИИГАЗ, 2019
Schriftenreihe:Золотой фонд нефтегазовой науки
Schlagworte:
Format: Buch
KOHA link:https://koha.lib.tpu.ru/cgi-bin/koha/opac-detail.pl?biblionumber=376769

MARC

LEADER 00000nam0a2200000 4500
001 376769
005 20231102012838.0
010 |a 9785897540969 
035 |a (RuTPU)RU\TPU\retro\34211 
090 |a 376769 
100 |a 20230112d2019 k y0rusy50 ca 
101 0 |a rus 
102 |a RU 
105 |a a z 001zb 
200 1 |a С. Н. Бузинов. Ученый, педагог и практик газового дела  |e сборник трудов  |f сост. А. А. Михайловский, К. И. Джафаров, А. В. Чугунов [и др.] 
210 |a Москва  |c Газпром ВНИИГАЗ  |d 2019 
215 |a 276 с.  |c ил. 
225 1 |a Золотой фонд нефтегазовой науки 
320 |a Библиография в конце глав 
320 |a Научные труды С. Н. Бузинова: с. 14-25 
330 |a Настоящая книга создана в память о Станиславе Николаевиче Бузинове, с именем которого связано становление научной школы в области подземного хранения газа. Перечислены основные научно-технические направления, у истоков зарождения которых стоял профессор С.Н. Бузинов и без которых уже невозможно себе представить современную газовую науку. Приведен перечень его наиболее значимых научных трудов. В настоящий сборник трудов вошли основополагающие работы Станислава Николаевича в различных областях газовой науки. В оформлении материалов, а также библиографии сохранена пунктуация издательского источника. 
600 1 |a Бузинов  |b С. Н.  |c горный инженер по эксплуатации газовых скважин  |f 1931-2012  |g Станислав Николаевич  |c доктор технических наук, профессор  |2 stltpush  |3 (RuTPU)RU\TPU\pers\47480 
606 1 |a Газохранилища подземные  |2 stltpush  |3 (RuTPU)RU\TPU\subj\5285  |9 33406 
610 1 |a нефтегазовая отрасль 
610 1 |a пористые среды 
610 1 |a газ 
610 1 |a вода 
610 1 |a вытеснение 
610 1 |a двухфазная фильтрация 
610 1 |a водяные скважины 
610 1 |a нефтяные пласты 
610 1 |a газовые пласты 
610 1 |a гидродинамические исследования 
610 1 |a газовые месторождения 
610 1 |a газоконденсатные месторождения 
610 1 |a разработка 
610 1 |a эксплуатация 
610 1 |a газоконденсатные пласты 
610 1 |a газогидродинамические исследования 
610 1 |a двухфазная трубная гидродинамика 
610 1 |a подземные газохранилища 
610 1 |a наблюдение 
610 1 |a водоносные пласты 
610 1 |a газовые запасы 
610 1 |a попутный нефтяной газ 
610 1 |a временное хранение 
610 1 |a экономика 
610 1 |a ресурсосбережение 
675 |a 622.691.2  |v 4 
702 1 |a Михайловский  |b А. А.  |4 220 
702 1 |a Джафаров  |b К. И.  |4 220 
702 1 |a Чугунов  |b А. В.  |4 220 
702 1 |a Бузинова  |b О. В.  |4 220 
702 1 |a Шулепин  |b С. А.  |4 220 
801 1 |a RU  |b 63413507  |c 20230112 
801 2 |a RU  |b 63413507  |c 20230324  |g RCR 
942 |c BK